00342nam a2200133Ia 4500008004100000041000800041082001600049100001900065245004100084250001400125260003000139300003200169365000700201240624s9999 xx 000 0 und d aeng a303.482 BUR aBURCHILL SCOTT aTHEORIES OF INTERNATIONALS RELATIONS a(2nd ed.) c2005aNew DelhibPalgrave aviii, : 322 : p. : cm. ; 22 cRS